Luis López Ballesteros, gran ministro de Fernando VII (Record no. 127832)

MARC details
000 -LEADER
campo de control de longitud fija 00842nam a2200205 i 4500
001 - NÚMERO DE CONTROL
campo de control 127832
003 - IDENTIFICADOR DE NÚMERO DE CONTROL
campo de control ES-MaACL
005 - FECHA Y HORA DE LA ÚLTIMA TRANSACCIÓN
campo de control 20250809224837.0
007 - CAMPO FIJO DE DESCRIPCIÓN FÍSICA--INFORMACIÓN GENERAL
campo de control de longitud fija t|
008 - DATOS DE LONGITUD FIJA--INFORMACIÓN GENERAL
campo de control de longitud fija 070214s1945 sp r ||||1| spa d
100 1# - ENTRADA PRINCIPAL--NOMBRE DE PERSONA
Nombre de persona Rivas Santiago, Natalio,
Fechas asociadas al nombre 1865-1958
9 (RLIN) 97593
245 10 - MENCIÓN DEL TÍTULO
Título Luis López Ballesteros, gran ministro de Fernando VII
Resto del título : páginas inéditas de la Historia contemporánea de España /
Mención de responsabilidad, etc. Natalio Rivas Santiago ; epílogo del doctor Gregorio Marañón [y Posadillo].
260 ## - PUBLICACIÓN, DISTRIBUCIÓN, ETC.
Lugar de publicación, distribución, etc. Madrid :
Nombre del editor, distribuidor, etc. Mediterráneo,
Fecha de publicación, distribución, etc. 1945.
300 ## - DESCRIPCIÓN FÍSICA
Extensión 232 p., 8 h., 44 lám. ;
Dimensiones 24 cm.
600 17 - PUNTO DE ACCESO ADICIONAL DE MATERIA--NOMBRE DE PERSONA
Nombre de persona López Ballesteros, Luis,
Fechas asociadas al nombre 1782-1853
Fuente del encabezamiento o término
9 (RLIN) 159687
651 #4 - PUNTO DE ACCESO ADICIONAL DE MATERIA--NOMBRE GEOGRÁFICO
Nombre geográfico España-
Subdivisión general Historia-
Subdivisión cronológica 1814-1833, Fernando VII
9 (RLIN) 8248
700 1# - ENTRADA AGREGADA--NOMBRE PERSONAL
Nombre de persona Marañón, Gregorio,
Fechas asociadas al nombre 1887-1960
9 (RLIN) 76311
852 ## - LOCALIZACIÓN
Ubicación ES-MaACL
Número de control de estantería F-15106
Sublocalización o colección R.21754
Holdings
Estatus retirado Estado de pérdida Estado de daño No para préstamo Biblioteca de origen Biblioteca actual Ubicación en estantería Fecha de adquisición Fuente de adquisición Total de préstamos Signatura topográfica completa Código de barras Visto por última vez Precio de reemplazo Tipo de ítem Koha
        Biblioteca del Ateneo de Madrid Biblioteca del Ateneo de Madrid Sala Pecera Planta 2 17/01/2008     F-15106 1133144 23/02/2023 23/02/2023 Libro impreso